Oxford English-Greek learner's dictionary

Αποθηκεύτηκε σε:
Λεπτομέρειες βιβλιογραφικής εγγραφής
Κύριος συγγραφέας: Σταυρόπουλος, Δ. Ν.
Άλλοι συγγραφείς: Σταυρόπουλος, Γ. Ν. (Επιμελητής έκδοσης)
Μορφή: Βιβλίο
Γλώσσα:English
Greek
Δημοσίευση: Oxford : Oxford University Press, c1998
Έκδοση:2nd ed.
Θέματα:
Ετικέτες: Προσθήκη ετικέτας
Δεν υπάρχουν, Καταχωρήστε ετικέτα πρώτοι!

MARC

LEADER 00000cam a2200000 i 4500
001 1/98320
008 000119s1998 eng d
020 |a 0-19-431242-9 
035 |l 10056471 
040 |a GR-MY-UA  |b gre  |e aacr 
041 0 |a eng  |a gre 
082 0 |a 423.89 
100 1 |a Σταυρόπουλος, Δ. Ν. 
245 1 0 |a Oxford English-Greek learner's dictionary /  |c D. N. Stavropoulos ; edited by G. N. Stavropoulos 
250 |a 2nd ed. 
260 |a Oxford :   |b Oxford University Press,   |c c1998 
300 |a xiv, 882 σ.;  |c 19 εκ. 
500 |a 8η ανατύπωση 2003 
650 0 0 |a English language  |x Dictionaries  |x Greek, Modern. 
700 1 |a Σταυρόπουλος, Γ. Ν.  |4 edt 
852 |a INST  |b CHIOS  |e 20000119  |h 423.89 ΣΤΑ  |p 005200019155  |q 005200019155  |t REF  |y 23 
852 |a INST  |b LESVOS  |e 20010712  |h 423.89 ΣΤΑ  |p 005100016075  |q 005100016075  |t REF  |y 12 
852 |a INST  |b LESVOS  |e 20031026  |h 423.89 ΣΤΑ  |p 005100024783  |q 005100024783  |t REF  |y 23 
852 |a INST  |b SYROS  |e 20001204  |h 423.89 ΣΤΑ  |p 005500002287  |q 005500002287  |t REF  |y 23 
901 |a BIBL5-2000-3 
901 |a BIBL2-2000-1 
901 |a BIBL1-1999-2 
901 |a BIBL1-2003-3 
909 |a Ε  |b 082511 
909 |a Χ  |b 071285 
909 |a Λ  |b 064174 
909 |a Λ  |b 106586 
922 |a 5ΕΛΗ  |b 200010  |c ΒΙΒΛΙΟΘΗΚΗ  |d ΜΙΧΑΛΟΠΟΥΛΟΣ 
922 |a 2ΕΛΗ  |b 199912  |c ΤΔΕ  |d ΠΑΠΑΣΩΤΗΡΙΟΥ 
922 |a 1ΕΛΗ  |b 199902  |c ΚΠΣ/ΚΥΒ  |d LEADER 
922 |a 1ΕΛΗ  |b 200310  |c ΤΑΚ/ΚΥΒ  |d ΠΑΠΑΣΩΤΗΡΙΟΥ 
950 |a 183-2000-09-10 
950 |a 023-2003-09-25 
970 |a ΠΟΥΡΝΑΡΑΣ  |b ΔΗΜΗΤΡΗΣ  |z 2000/12/11